Apuntes de un viaje por Francia, Italia y Suiza / (Record no. 188834)

MARC details
000 -LEADER
campo de control de longitud fija 01114nam a2200337 i 4500
001 - NÚMERO DE CONTROL
campo de control 188834
003 - IDENTIFICADOR DE NÚMERO DE CONTROL
campo de control SpMaBN
005 - FECHA Y HORA DE LA ÚLTIMA TRANSACCIÓN
campo de control 20231230210536.0
008 - DATOS DE LONGITUD FIJA--INFORMACIÓN GENERAL
campo de control de longitud fija 190218s2017 sp abh |||| |dspa d
020 ## - NÚMERO INTERNACIONAL ESTÁNDAR DEL LIBRO
Número Internacional Estándar del Libro 978-84-943935-9-4
080 ## - NÚMERO DE LA CLASIFICACIÓN DECIMAL UNIVERSAL
Número de la Clasificación Decimal Universal 908(44)
080 ## - NÚMERO DE LA CLASIFICACIÓN DECIMAL UNIVERSAL
Número de la Clasificación Decimal Universal 908(450)
080 ## - NÚMERO DE LA CLASIFICACIÓN DECIMAL UNIVERSAL
Número de la Clasificación Decimal Universal 908(494)
080 ## - NÚMERO DE LA CLASIFICACIÓN DECIMAL UNIVERSAL
Número de la Clasificación Decimal Universal 821.134.2-992"18"
080 ## - NÚMERO DE LA CLASIFICACIÓN DECIMAL UNIVERSAL
Número de la Clasificación Decimal Universal 929 Unamuno, Miguel de
100 1# - ENTRADA PRINCIPAL--NOMBRE DE PERSONA
Nombre de persona Unamuno, Miguel de,
Fechas asociadas al nombre 1864-1936
9 (RLIN) 111982
245 10 - MENCIÓN DEL TÍTULO
Título Apuntes de un viaje por Francia, Italia y Suiza /
Mención de responsabilidad, etc. Miguel de Unamuno ; edición de Pollux Hernúñez.
250 ## - MENCION DE EDICION
Mención de edición 1ª ed.
260 ## - PUBLICACIÓN, DISTRIBUCIÓN, ETC.
Lugar de publicación, distribución, etc. Paracuellos del Jarama, Madrid :
Nombre del editor, distribuidor, etc. Oportet,
Fecha de publicación, distribución, etc. 2017.
300 ## - DESCRIPCIÓN FÍSICA
Extensión 299 p. :
Otras características físicas il., 1 mapa ;
Dimensiones 22 cm.
500 ## - NOTA GENERAL
Nota general En cub.: "Inédito"
500 ## - NOTA GENERAL
Nota general Índice.
600 17 - PUNTO DE ACCESO ADICIONAL DE MATERIA--NOMBRE DE PERSONA
Nombre de persona Unamuno, Miguel de,
Fechas asociadas al nombre 1864-1936-
Subdivisión general Viajes
9 (RLIN) 166353
651 #7 - PUNTO DE ACCESO ADICIONAL DE MATERIA--NOMBRE GEOGRÁFICO
Nombre geográfico Francia-
Subdivisión general Descripción.
9 (RLIN) 8676
651 ## - PUNTO DE ACCESO ADICIONAL DE MATERIA--NOMBRE GEOGRÁFICO
Nombre geográfico Italia-
Subdivisión general Descripción.
9 (RLIN) 8861
651 #7 - PUNTO DE ACCESO ADICIONAL DE MATERIA--NOMBRE GEOGRÁFICO
Nombre geográfico Suiza-
Subdivisión general Descripción.
9 (RLIN) 9416
700 1# - ENTRADA AGREGADA--NOMBRE PERSONAL
Nombre de persona Hernúñez, Pollux.
9 (RLIN) 63123
852 ## - LOCALIZACIÓN
Ubicación ES-MaACL
Número de control de estantería A-14352
itemnumber 195968
Sublocalización o colección R.151697
Ubicación en estantería Depósito 1
Signatura antigua Olim: N-7352
942 ## - ELEMENTOS DE ENTRADA SECUNDARIOS (KOHA)
Fuente del sistema de clasificación o colocación Clasificación decimal universal
Tipo de ítem Koha Libro impreso
Holdings
Estatus retirado Estado de pérdida Fuente del sistema de clasificación o colocación Estado de daño No para préstamo Biblioteca de origen Biblioteca actual Ubicación en estantería Fecha de adquisición Fuente de adquisición Total de préstamos Signatura topográfica completa Código de barras Visto por última vez Precio de reemplazo Tipo de ítem Koha
    Clasificación decimal universal     Biblioteca del Ateneo de Madrid Biblioteca del Ateneo de Madrid Depósito 1 18/02/2019 Donación   A-14352 1199969 23/02/2023 23/02/2023 Libro impreso